000 00356nam a2200133Ia 4500
008 240624s9999 xx 000 0 und d
041 _aeng
082 _a658.50015118 ASK
100 _aASKIN RONALD G
245 _aMODELING AND ANALYSIS OF MANUFACTURING S
260 _c1993
_aNew Jersey
_bJohn Wiley
300 _axvi, : 461 : p. : cm. ; 25
365 _c
_b28
999 _c5121
_d5121